Thomas Edison / (Record no. 538)

MARC details
000 -LEADER
fixed length control field 01397cam a22002894a 4500
005 - DATE AND TIME OF LATEST TRANSACTION
control field 20230525143719.0
020 ## - INTERNATIONAL STANDARD BOOK NUMBER
International Standard Book Number 0439263190 (pbk.)
040 ## - CATALOGING SOURCE
Original cataloging agency DLC
Transcribing agency DLC
Modifying agency DLC
050 00 - LIBRARY OF CONGRESS CALL NUMBER
Classification number TK140.E3
Item number S85 2001
082 00 - DEWEY DECIMAL CLASSIFICATION NUMBER
Classification number 621.3/092
-- B
Edition number 21
100 1# - MAIN ENTRY--PERSONAL NAME
Personal name Sullivan, George,
Dates associated with a name 1927-
245 10 - TITLE STATEMENT
Title Thomas Edison /
Statement of responsibility, etc. George Sullivan.
260 ## - PUBLICATION, DISTRIBUTION, ETC.
Place of publication, distribution, etc. New York :
Name of publisher, distributor, etc. Scholastic Reference,
Date of publication, distribution, etc. 2001.
300 ## - PHYSICAL DESCRIPTION
Extent 128 pages :
Other physical details illustrations ;
Dimensions 20 cm.
490 1# - SERIES STATEMENT
Series statement In their own words
505 ## - FORMATTED CONTENTS NOTE
Formatted contents note M
520 ## - SUMMARY, ETC.
Summary, etc. In Their Own Words: Thomas Edison tells the exciting story of Edison's life using his laboratory notes, business records, and personal recollections."I find out what the world needs. Then I go ahead and try to invent it."With these words, Thomas Edison explains how he developed ideas and turned them into useful inventions. Although he is most famous for inventing the lightbulb, Edison is credited with hundreds of inventions. The young boy who did poorly in school became one of the most famous men in America.
521 ## - TARGET AUDIENCE NOTE
Target audience note 750 <br/>
Source Lexile
521 ## - TARGET AUDIENCE NOTE
Target audience note M <br/>
Source Raz-Plus
650 #0 - SUBJECT ADDED ENTRY--TOPICAL TERM
Topical term or geographic name entry element Electrical engineers
Geographic subdivision United States
Form subdivision Biography
-- Juvenile literature.
650 #0 - SUBJECT ADDED ENTRY--TOPICAL TERM
Topical term or geographic name entry element Inventors
Geographic subdivision United States
Form subdivision Biography
-- Juvenile literature.
650 #1 - SUBJECT ADDED ENTRY--TOPICAL TERM
Topical term or geographic name entry element Inventors.
906 ## - LOCAL DATA ELEMENT F, LDF (RLIN)
a 7
b cbc
c orignew
d 1
e ocip
f 20
g y-gencatlg
942 ## - ADDED ENTRY ELEMENTS (KOHA)
Source of classification or shelving scheme Dewey Decimal Classification
Koha item type Books
Suppress in OPAC No
999 ## -
-- 538
-- 538
Holdings
Withdrawn status Lost status Source of classification or shelving scheme Damaged status Not for loan Collection Home library Current library Shelving location Date acquired Total Checkouts Full call number Barcode Date last seen Price effective from Koha item type
    Dewey Decimal Classification     Non-Fiction Footprints International School Library Network Toul Kork Campus Footprints International School Library Network Toul Kork Campus TK Primary Library Room(4th Floor), Bookcase 5&6, Shelves 33-56, Orange Books 05/25/2023   SUL 509 TK140.E3 FISTK05371 05/25/2023 05/25/2023 Books